| 000 | 01066nam a22002897a 4500 | ||
|---|---|---|---|
| 003 | OSt | ||
| 005 | 20170530135833.0 | ||
| 008 | 170530s2016 spca 000 0 cat|d | ||
| 017 |
_aDL B 22522-2016 _bBiblioteca de Catalunya |
||
| 020 | _a9788494239991 | ||
| 040 |
_aES-BaCBU _bcat _cCDMR |
||
| 100 | 1 |
_aManzanares Oliver, Jordi, _d1963- |
|
| 245 | 1 | 0 |
_a100 anys: 1917/2017 _b: el tebeo que va donar nom als altres / _cJordi Manzanares ; [pròleg: Josep Cuní] |
| 246 | 3 |
_aCent anys: 1917/2017 _b: el tebeo que va donar nom als altres |
|
| 246 | 3 | 0 | _aCent anys: 1917/2017 |
| 246 | 1 | 8 | _aTBO, cent anys |
| 260 |
_a[Barcelona] : _bDiminuta, _c2016 |
||
| 300 |
_a171 p. : _bil. ; _c27 cm |
||
| 504 | _aBibliografia p. 168-171 | ||
| 630 | 0 | 7 |
_aTBO _xHistòria _2lemac |
| 650 | 0 | 7 |
_aCòmics _zEspanya _xHistòria i crítica _2lemac _93313 |
| 650 | 7 |
_aHumorisme gràfic espanyol _xHistoria _2lemac |
|
| 650 | 7 |
_aDibuixants de còmics _zEspanya _xBiografia _2lemac |
|
| 650 | 7 |
_aEscriptors espanyols _xBiografia _2lemac |
|
| 700 | 1 |
_aCuní, Josep _d1953- _91754 |
|
| 942 | _cMON | ||
| 999 |
_c7041 _d7041 |
||